Green Urea For Future Sustainability /

This book presents a game changing technology of lower energy-intensive urea production of urea which is used as fertilizer. The technology, from a resource to a knowledge-intensive based industry, investigates a new synthesis approach employing electromagnetic induction and nano-catalyst at lower e...

Πλήρης περιγραφή

Λεπτομέρειες βιβλιογραφικής εγγραφής
Κύριος συγγραφέας: Yahya, Noorhana (Συγγραφέας, http://id.loc.gov/vocabulary/relators/aut)
Συγγραφή απο Οργανισμό/Αρχή: SpringerLink (Online service)
Μορφή: Ηλεκτρονική πηγή Ηλ. βιβλίο
Γλώσσα:English
Έκδοση: Singapore : Springer Singapore : Imprint: Springer, 2018.
Έκδοση:1st ed. 2018.
Σειρά:Green Energy and Technology,
Θέματα:
Διαθέσιμο Online:Full Text via HEAL-Link
LEADER 05014nam a2200565 4500
001 978-981-10-7578-0
003 DE-He213
005 20190619192535.0
007 cr nn 008mamaa
008 180117s2018 si | s |||| 0|eng d
020 |a 9789811075780  |9 978-981-10-7578-0 
024 7 |a 10.1007/978-981-10-7578-0  |2 doi 
040 |d GrThAP 
050 4 |a R857.M3 
072 7 |a TGM  |2 bicssc 
072 7 |a TEC021000  |2 bisacsh 
072 7 |a TGM  |2 thema 
072 7 |a TCB  |2 thema 
082 0 4 |a 620.11  |2 23 
100 1 |a Yahya, Noorhana.  |e author.  |4 aut  |4 http://id.loc.gov/vocabulary/relators/aut 
245 1 0 |a Green Urea   |h [electronic resource] :  |b For Future Sustainability /  |c by Noorhana Yahya. 
250 |a 1st ed. 2018. 
264 1 |a Singapore :  |b Springer Singapore :  |b Imprint: Springer,  |c 2018. 
300 |a XXIII, 145 p. 88 illus., 80 illus. in color.  |b online resource. 
336 |a text  |b txt  |2 rdacontent 
337 |a computer  |b c  |2 rdamedia 
338 |a online resource  |b cr  |2 rdacarrier 
347 |a text file  |b PDF  |2 rda 
490 1 |a Green Energy and Technology,  |x 1865-3529 
505 0 |a Urea Fertilizer: The global challenges and their impact to our sustainability -- Gas Adsorption and Urea Formation Using Magnetically Induced Environment -- Reactor Design for Novel Green Urea Synthesis -- Efficacy of Green Urea for Sustainable Agriculture -- Agriculture 4.0: Its implementation towards future sustainability. . 
520 |a This book presents a game changing technology of lower energy-intensive urea production of urea which is used as fertilizer. The technology, from a resource to a knowledge-intensive based industry, investigates a new synthesis approach employing electromagnetic induction and nano-catalyst at lower energy consumption. This clean and green method for a sustainable future might change the landscape of future chemical processes. It is made possible due to the enhancement in nanotechnology where quantum mechanical understanding is called into play. New reactor designs are elaborated on and discussed explicitly. Hematite and nickel oxide nanocatalysts are proposed for the green urea synthesis process, in the presence of static and oscillating magnetic fields. Strategies to increase single to triplet conversion rate are given for better understanding of the improved urea rate. The focus is deliberately on scrutinizing the greenhouse gas effect on the urea yield, in this case CO2 flow rate. Coating techniques for slow release strategies are provided to reduce the volatilization of ammonia and leaching effect, hence offering a complete solution of Green Technology. Agriculture 4.0 that creates the new patterns and precision monitoring of crop rotation and livestock utilization will be able to pave the way for better crop yield. Development of advanced technology in agriculture is important for the implementation of Agriculture 4.0 and currently an inevitable trend of the socioeconomic development in the context of broader international integration for the sustainable future. The author would like to acknowledge Ministry of Higher Education (MOHE) for the grant worth RM 12 million to accomplish Green and Economical Urea project and to have full understanding on Green Technology in Urea. This book is a collaborative effort by her colleagues, Ku Zilati, Khanif, Shahrina, Zainovia, Azizah, Zakaria, and who have carried out the research over the past five years which started in 2011. Their unconditional commitment had brought us together and we completed the project with success. I wish to also thank Dr Menaka Ganeson and all my PhD students, Dr. Saima, Dr. Bilal, Mr. Zia and Mr. Irfan for their commitment to assist me to complete the book. Last but not least, thank you very much to Professor Mike Payne (Cambridge University) and Professor Koziol (Cranfield University) for the comments. . 
650 0 |a Biomaterials. 
650 0 |a Chemical engineering. 
650 0 |a Manufactures. 
650 0 |a Agriculture. 
650 0 |a Sustainable development. 
650 1 4 |a Biomaterials.  |0 http://scigraph.springernature.com/things/product-market-codes/Z13000 
650 2 4 |a Industrial Chemistry/Chemical Engineering.  |0 http://scigraph.springernature.com/things/product-market-codes/C27000 
650 2 4 |a Manufacturing, Machines, Tools, Processes.  |0 http://scigraph.springernature.com/things/product-market-codes/T22050 
650 2 4 |a Agriculture.  |0 http://scigraph.springernature.com/things/product-market-codes/L11006 
650 2 4 |a Sustainable Development.  |0 http://scigraph.springernature.com/things/product-market-codes/U34000 
710 2 |a SpringerLink (Online service) 
773 0 |t Springer eBooks 
776 0 8 |i Printed edition:  |z 9789811075773 
776 0 8 |i Printed edition:  |z 9789811075797 
776 0 8 |i Printed edition:  |z 9789811356544 
830 0 |a Green Energy and Technology,  |x 1865-3529 
856 4 0 |u https://doi.org/10.1007/978-981-10-7578-0  |z Full Text via HEAL-Link 
912 |a ZDB-2-ENE 
950 |a Energy (Springer-40367)